000 01182nam a2200325 a 4500
001 ELB67999
003 FlNmELB
006 m o d |
007 cr cn|||||||||
008 130122r2007 cl |||||s|||||||||||spa d
020 _z9789562845564
035 _a(MiAaPQ)EBC3206009
035 _a(Au-PeEL)EBL3206009
035 _a(CaPaEBR)ebr10638015
035 _a(OCoLC)929394478
040 _aFlNmELB
_bspa
_cFlNmELB
050 4 _aJX4144.5
_bF475 2007
082 0 4 _a341.4480984
_222
100 1 _aFigueroa Pla, Uldaricio.
245 1 3 _aLa demanda marítima boliviana en los foros internacionales
_h[recurso electronico] /
_cUldaricio Figueroa Pla.
260 _aSantiago de Chile :
_bRIL editores,
_c2007.
300 _a500 p.
490 0 _aBibliodiversidad
533 _aRecurso electrónico. Santa Fe, Arg.: e-libro, 2015. Disponible vía World Wide Web. El acceso puede estar limitado para las bibliotecas afiliadas a e-libro.
650 4 _aAcceso al mar (Derecho Internacional)
650 0 _aEconomic zones (Law of the sea)
_zBolivia.
655 4 _aLibros electrónicos.
710 2 _ae-libro, Corp.
856 4 0 _uhttps://elibro.net/ereader/usam/67999
999 _c141980
_d141980